00533nam a22001697a 450000500170000001000150001702000260003203500140005803700130007208200100008510000200009524500660011526000450018127000670022630000270029350000430032020190114111248.0 aENG-124634 a9780199489282c650.00 aEN-108166 bDBAD/PUB a340.9 aGovindaraj V.C. aPrivate international law:cby Govindaraj V.C.ba case study/ aNew Delhi bOxford Univrsity Pressc2018 a2/11 Ground Floor, Ansari Road, Daryaganj,bNew Delhi e110002 axiv, 170p. c21cm.(Hb) aIt includes index and about the author